|
|
|
|
| LEADER |
00000nab a2200000 a 4500 |
| 001 |
vtls001500919 |
| 003 |
SK-MaSNL |
| 005 |
20260304133731.0 |
| 008 |
250505s1996 xo 000 0 slo |
| 035 |
|
|
|a SPKCL3631
|
| 035 |
|
|
|a urn:nbn:sk:snk-ab1in4
|
| 035 |
|
|
|a (urnnbn)urn:nbn:sk:snk:ar-0042jc
|
| 035 |
|
|
|a (uuid)4fbe56b9-e33b-49e4-a3ed-82c74e93492f
|
| 040 |
|
|
|a SNKBUCL
|b slo
|c SNKBUCL
|e AACR2
|
| 041 |
0 |
|
|a slo
|
| 044 |
|
|
|a xo
|c SK
|
| 080 |
|
|
|a 02:681.3
|2 1981
|
| 100 |
1 |
|
|a Šušol, Jaroslav,
|d 1963-
|4 aut
|9 210249
|
| 245 |
1 |
0 |
|a Knižničná jazda po informačnej diaľnici - odkiaľ a kam?
|c Jaroslav Šušol
|
| 520 |
|
|
|a Globálna informačná infraštruktúra. Knižničná automatizácia. Nové typy elektronických dokumentov. Informačná diaľnica. Sieťové verzie knižníc a Internet.
|
| 773 |
0 |
|
|t Knižnice a informácie
|g Roč. 28, č. 12 (1996) s. 489-495
|
| 850 |
|
|
|a Slovenská národná knižnica
|
| 852 |
|
|
|a Slovenská národná knižnica
|
| 954 |
|
|
|a odborná, vedecká literatúra pôvodná (slovenská)
|2 lita
|
| 958 |
|
|
|a article2022
|
| 958 |
|
|
|a OND
|
| 958 |
|
|
|a EUIPO
|
| 999 |
|
|
|c 2903437
|d 2905367
|